|
|
|
|
| LEADER |
01045nam a2200313 4500 |
| 001 |
DLU090078363 |
| 005 |
##20090619 |
| 040 |
# |
# |
|a DLU
|b eng
|
| 041 |
# |
# |
|a eng
|
| 044 |
# |
# |
|a UK
|
| 245 |
# |
# |
|a Mate choice, operational sex ratio, social promiscuity in a wild population of the long-snouted seahorse Hippocampus guttulatus /
|c Marie-Jose Naud, Janelle M. R. Curtis, Lucy C. Woodall, Miguel B. Gaspar.
|
| 653 |
# |
# |
|a Assortative mating
|
| 653 |
# |
# |
|a Reproductive behavior
|
| 653 |
# |
# |
|a Sexual selection
|
| 653 |
# |
# |
|a Syngnathidae
|
| 700 |
# |
# |
|a Curtis, Janelle M. R.
|
| 700 |
# |
# |
|a Gaspar, Miguel B.
|
| 700 |
# |
# |
|a Naud, Marie-Jose.
|
| 700 |
# |
# |
|a Woodall, Lucy C.
|
| 773 |
# |
# |
|t Behavioral Ecology
|g Vol. 20, no. 1 (January-February 2009), p. 160-164
|
| 920 |
# |
# |
|a Phòng Tạp chí -- Trung tâm Thông tin - Thư viện Trường Đại học Đà Lạt
|
| 994 |
# |
# |
|a DLU
|
| 900 |
# |
# |
|a True
|
| 911 |
# |
# |
|a Trương Bảo Trâm Anh
|
| 925 |
# |
# |
|a G
|
| 926 |
# |
# |
|a A
|
| 927 |
# |
# |
|a BB
|
| 980 |
# |
# |
|a Thư viện Trường Đại học Đà Lạt
|